000 00453nam a2200181Ia 4500
001 12682
005 20260306162959.0
008 260306t2021||||xx |||||||||||||| ||spa||
041 _aESP
082 _aHR 658
_bN° 48 PI
110 _aAsociación de Empresas del Parque Industrial de Arequipa
245 0 _aParque industrial
260 _c2021
300 _a53 páginas :
_c28 cm.
650 _aGEN
654 _aCII
942 _cREV
_dJUS
_fJUS
_2ddc
_n
999 _c12682
_d12682